000 00352 a2200109 4500
082 _a519.5
090 _c4969
_d4969
100 _aArora, Sanjjay.
245 _aIntroducing Probability and Statistics
_bA Problem-Oriented Uncluttered Friendly Approach
_cSanjay Arora, Bansi Lal
260 _aSatya Prakashan
_bNew Delhi
_c1994
942 _aNBS
_cBK
_k519.5 ARO
999 _c347397
_d347397